LEADER 01224nam a2200265 i 4500 001 000000203882 003 CaOOAMICUS 005 20110708000000.0 008 110708s1962 it u000 u ita u 013 $a182597 040 $aSeMil$bita 245 10$aMessico :$bvolume 2. /$ca cura del Centro di Azione Latina. 260 $a[S.l.] :$bEditoriale SIPEC,$c1962. 300 $a450 p. :$b[40] c. di tav., tabelle ;$c22 cm. 490 0 $aNazioni : collana di monografie sui paesi dell'America Latina ;$vN.3 500 $aIn mezzo al front. : Settembre 1962. 650 4$aMessico - Storia.$0(OLS)http://semarc/subject/38332 650 4$aMessico - Politica.$0(OLS)http://semarc/subject/38405 650 4$aMessico - Economia.$0(OLS)http://semarc/subject/38406 700 1 $aIstituto Italo-Latino Americano .$0(OLS)http://semarc/name/11143 830 0$aNazioni : collana di monografie sui paesi dell'America Latina ;$vN.3.$0(OLS)http://semarc/title/33911 850 $aSeMil 852 $aSeMil$W1$xVenegono$y1$m3U II 191$j154376$B154376$CSeMilBibl$Z2$F165258 $81 996 $6245$aMessico :$bvolume 2.$9(OLS)http://semarc/title/295364 996 $6260$a[S.l.] :$bEditoriale SIPEC$9(OLS)http://semarc/publisher/36390 LEADER 00689nam a2200193 i 4500 001 000000178823 003 CaOOAMICUS 005 20090610000000.0 008 090610n it u000 u ita u 013 $a156398 040 $aSeMil$bita 100 1 $aBusignani, Alberto.$0(OLS)http://semarc/name/5639 245 12$aI mosaici ravennati /$cDi Alberto Busignani. 300 $a1 v. :$briccamente ill. 773 0 $tForma e colore.$dFirenze : Sadea Sansoni, [1965]$g1$w()21466 850 $aSeMil 852 $aSeMil$W1$xVenegono$y1$m5V VII 37$j129593$B129593$CSeMilBibl$Z2$F142154 $81 961 $aOmaggio: Giuliani don Angelo 996 $6245$aI mosaici ravennati$9(OLS)http://semarc/title/256836